Sound pulses / (Record no. 59778)

MARC details
000 -LEADER
fixed length control field 00909nam a2200301 a 4500
001 - CONTROL NUMBER
control field vtls000055413
003 - CONTROL NUMBER IDENTIFIER
control field NLI
005 - DATE AND TIME OF LATEST TRANSACTION
control field 20210601191004.0
008 - FIXED-LENGTH DATA ELEMENTS--GENERAL INFORMATION
fixed length control field 101125s1958 xx a 001 0 eng
039 #9 - LEVEL OF BIBLIOGRAPHIC CONTROL AND CODING DETAIL [OBSOLETE]
-- 201011250532
-- VLOAD
040 ## - CATALOGING SOURCE
Original cataloging agency NLI
Language of cataloging eng
Transcribing agency VTLS
Description conventions AACR2
041 0# - LANGUAGE CODE
Language code of text/sound track or separate title eng
044 ## - COUNTRY OF PUBLISHING/PRODUCING ENTITY CODE
MARC country code xx
082 04 - DEWEY DECIMAL CLASSIFICATION NUMBER
Classification number 534
100 1# - MAIN ENTRY--PERSONAL NAME
Personal name Friedlander, F. G.
Fuller form of name (Friedrich Gerard) ,
Dates associated with a name 1917-
9 (RLIN) 142118
245 10 - TITLE STATEMENT
Title Sound pulses /
Statement of responsibility, etc. by F. G. Friedlander
260 ## - PUBLICATION, DISTRIBUTION, ETC.
Place of publication, distribution, etc. Cambridge [Eng.] :
Name of publisher, distributor, etc. The University Press,
Date of publication, distribution, etc. 1958
300 ## - PHYSICAL DESCRIPTION
Extent xi, 202 p. :
Other physical details ill. ;
Dimensions 23 cm.
440 #0 - SERIES STATEMENT/ADDED ENTRY--TITLE
Title Cambridge monographs on mechanics and applied mathematics
504 ## - BIBLIOGRAPHY, ETC. NOTE
Bibliography, etc. note Includes bibliographical references and index
650 #0 - SUBJECT ADDED ENTRY--TOPICAL TERM
Topical term or geographic name entry element Sound-waves
887 ## - NON-MARC INFORMATION FIELD
Content of non-MARC field
901 ## - LOCAL DATA ELEMENT A, LDA (RLIN)
a 351245
b 16.02.1963
902 ## - LOCAL DATA ELEMENT B, LDB (RLIN)
a E534 F913
906 ## - LOCAL DATA ELEMENT F, LDF (RLIN)
a 0013215
z 1
949 ## - LOCAL PROCESSING INFORMATION (OCLC)
-- VIRTUAITEM
-- 10000
-- 100
6 PUR000351245ENG
942 ## - ADDED ENTRY ELEMENTS (KOHA)
Source of classification or shelving scheme Dewey Decimal Classification
Koha item type Books
Holdings
Withdrawn status Lost status Damaged status Not for loan Collection code Home library Current library Shelving location Date acquired Total Checkouts Full call number Barcode Date last seen Price effective from Koha item type
        New English National Library of India National Library of India New English - Main Stack Division     E534 F913 PUR000351245ENG 01/06/2021 01/06/2021 Books
                                                                           
web counter

Copyright ©2020 The National Library of India, Govt. of India ↔ Hosted by NVLI, MOC ↔ Technology and Design by National Library of India, Ministry of Culture, Govt. of India